Minecraft quiz - Statistics

General Stats
  • This quiz has been taken 81 times
    36 since last reset
  • The average score is 3 of 5
Answer Stats
Question Answer % Correct
Which year was minecraft made in? 2009
100%
How old is minecraft? (October 20 2022) 13
75%
Which one is not consumable? Kelp
75%
How many wool colours are there in minecraft? 16
50%
When was minecraft 1.0 released? November 18 2011
25%
No matching quizzes found
Score Distribution
Percent of People with Each Score
Percentile by Number Answered
Your Score History
You have not taken this quiz since the last reset